Una musicóloga latinoamericana analiza a Franz Schubert
Spremljeno u:
| Glavni autor: | |
|---|---|
| Format: | Knjiga |
| Jezik: | španjolski |
| Izdano: |
La Habana
Minerva
1997
|
| Teme: | |
| Oznake: |
Dodaj oznaku
Bez oznaka, Budi prvi tko označuje ovaj zapis!
|
MARC
| LEADER | 00000nam a2200000 a 4500 | ||
|---|---|---|---|
| 001 | UCN2214 | ||
| 003 | CL-VaPUC | ||
| 008 | 010511e19970000CU |||||||||||||||||spa|d | ||
| 082 | 0 | 4 | |a 780.92 |b COS |2 21 |
| 100 | 0 | |a Cosio Sierra, Nicolás |e author |9 457955 | |
| 245 | 1 | 4 | |a Una musicóloga latinoamericana analiza a Franz Schubert |
| 300 | |a 29 p | ||
| 942 | |c BK | ||
| 945 | |d 20010511 00:00:00 |a crobeson | ||
| 260 | |a La Habana |b Minerva |c 1997 | ||
| 600 | 0 | 7 | |a SCHUBERT, FRANZ |2 CL-VaPUC |9 457956 |
| 650 | 7 | |a COMPOSITORES AUSTRIACOS |2 CL-VaPUC |9 457957 | |
| 650 | 0 | |a Romanticismo en la música |9 306753 | |
| 650 | 7 | |a MUSICA SIGLO 19 |2 CL-VaPUC |9 457958 | |
| 583 | |a last modification |c 20010511 00:00:00 |k Rodrigo Vera | ||
| 999 | |c 295372 |d 295370 | ||
| 952 | |0 0 |1 0 |4 0 |6 780_920000000000000_COS_1997 |7 0 |8 A |9 348367 |a BIBEDU |b BIBEDU |d 2019-11-20 |i 1182331 |o 780.92 COS 1997 |p 1182331 |r 2023-01-12 |w 2019-11-20 |y BK |k MUS | ||